Learn about texture / (Record no. 102002)
[ view plain ]
| 000 -LEADER | |
|---|---|
| fixed length control field | 00760nam a2200217 a 4500 |
| 005 - DATE AND TIME OF LATEST TRANSACTION | |
| control field | 20140412111224.0 |
| 008 - FIXED-LENGTH DATA ELEMENTS--GENERAL INFORMATION | |
| fixed length control field | 001121s19uu xx 00 eng d |
| 050 ## - LIBRARY OF CONGRESS CALL NUMBER | |
| Classification number | TR(GS 030 |
| Item number | L41 1994 |
| 100 ## - MAIN ENTRY--PERSONAL NAME | |
| Personal name | Felicia, Law |
| 245 ## - TITLE STATEMENT | |
| Title | Learn about texture / |
| Statement of responsibility, etc | story by Felicia Law; illustrations by Steve Smallman, Shirley Tourret. |
| 260 ## - PUBLICATION, DISTRIBUTION, ETC. (IMPRINT) | |
| Place of publication, distribution, etc | UK : |
| Name of publisher, distributor, etc | World Book International. |
| 300 ## - PHYSICAL DESCRIPTION | |
| Extent | 1 v. (unp.) ; ill. |
| 440 ## - SERIES STATEMENT/ADDED ENTRY--TITLE | |
| Title | Early world of learning-Poldy |
| 500 ## - GENERAL NOTE | |
| General note | Poldy |
| 520 ## - SUMMARY, ETC. | |
| Summary, etc | Poldy and his friends visit Signora Pittipatti's restaurant. Here, they feast on selection of leftover food whic Signora Pittipatti offers them. |
| 650 ## - SUBJECT ADDED ENTRY--TOPICAL TERM | |
| Topical term or geographic name as entry element | Senses--Ficntion |
| 650 ## - SUBJECT ADDED ENTRY--TOPICAL TERM | |
| Topical term or geographic name as entry element | Children stories |
| Withdrawn status | Lost status | Damaged status | Home library | Current library | Shelving location | Date acquired | Source of acquisition | Total Checkouts | Full call number | Barcode | Date last seen | Price effective from | Koha item type |
|---|---|---|---|---|---|---|---|---|---|---|---|---|---|
| Elizalde Library | Elizalde Library | Teachers Reference Section | 11/21/2000 | TR(GS 030 L41 1994 | E0275 | 04/12/2014 | 04/12/2014 | Books | |||||
| Elizalde Library | Elizalde Library | Teachers Reference Section | 05/03/2004 | TR(GS 030 L41 1994 | E6189 | 04/12/2014 | 04/12/2014 | Books | |||||
| Elizalde Library | Elizalde Library | Teachers Reference Section | 04/20/2005 | TR(GS 030 L41 1994 | E9721 | 04/12/2014 | 04/12/2014 | Books |